FROM CONQUEST TO CONSERVATION : (Record no. 9780)
[ view plain ]
| 000 -LEADER | |
|---|---|
| fixed length control field | 00450nam a22001577a 4500 |
| 003 - CONTROL NUMBER IDENTIFIER | |
| control field | OSt |
| 005 - DATE AND TIME OF LATEST TRANSACTION | |
| control field | 20251113061652.0 |
| 008 - FIXED-LENGTH DATA ELEMENTS--GENERAL INFORMATION | |
| fixed length control field | 251113b |||||||| |||| 00| 0 eng d |
| 020 ## - INTERNATIONAL STANDARD BOOK NUMBER | |
| International Standard Book Number | 1559639555 |
| 040 ## - CATALOGING SOURCE | |
| Transcribing agency | ISLAND PRESS |
| 050 ## - LIBRARY OF CONGRESS CALL NUMBER | |
| Classification number | HD 216 .D66 2003 |
| Item number | .D66 2003 |
| 245 ## - TITLE STATEMENT | |
| Title | FROM CONQUEST TO CONSERVATION : |
| Remainder of title | OUR PUBLIC LANDS LEGACY/ |
| Statement of responsibility, etc. | DOMBECK ,P MICHAEL |
| 250 ## - EDITION STATEMENT | |
| Edition statement | 1ST EDITION |
| 260 ## - PUBLICATION, DISTRIBUTION, ETC. | |
| Place of publication, distribution, etc. | WASHINGTON: |
| Name of publisher, distributor, etc. | ISLAND PRESS, |
| Date of publication, distribution, etc. | 2003 |
| 942 ## - ADDED ENTRY ELEMENTS (KOHA) | |
| Source of classification or shelving scheme | Library of Congress Classification |
| Koha item type | Books |
| Suppress in OPAC | No |
| Withdrawn status | Lost status | Source of classification or shelving scheme | Damaged status | Not for loan | Home library | Current library | Date acquired | Total checkouts | Barcode | Date last seen | Price effective from | Koha item type |
|---|---|---|---|---|---|---|---|---|---|---|---|---|
| Library of Congress Classification | PIU Library | PIU Library | 11/13/2025 | PIUDL761 | 11/13/2025 | 11/13/2025 | Books |